[Event "IRL-ch 101st"]
[Site "Dublin"]
[Date "2022.07.09"]
[Round "8"]
[White "Venkatesan, Kavin"]
[Black "Ryan, Joseph"]
[Result "0-1"]
[WhiteElo "2076"]
[BlackElo "2270"]
[PlyCount "76"]
[EventDate "2022.07.02"]
[EventType "swiss"]
[EventRounds "9"]
[EventCountry "IRL"]
[SourceTitle "CBM 209 Extra"]
[Source "ChessBase"]
[SourceDate "2022.09.30"]
[SourceVersion "1"]
[SourceVersionDate "2022.09.30"]
[SourceQuality "1"]

1. d4 Nf6 2. c4 e6 3. Nc3 Bb4 4. a3 Bxc3+ 5. bxc3 c5 6. e3 b6 7. Bd3 Bb7 8. f3 Nc6 9. Ne2 0-0 10. 0-0 Na5 11. e4 Ne8 12. f4 f5 13. Ng3 Nd6 14. d5 Ba6 15. Qc2 Bxc4 16. Bxc4 Naxc4 17. Rd1 fxe4 18. dxe6 dxe6 19. Nxe4 Qe7 20. Ng5 g6 21. Re1 Rf6 22. Ne4 Rf5 23. Ng5 Re8 24. Rxe6 Qd7 25. Rxe8+ Qxe8 26. Nf3 Qe4 27. Qxe4 Nxe4 28. Ra2 Rd5 29. Re2 Rd1+ 30. Re1 Rxe1+ 31. Nxe1 Nxc3 32. Kf2 Na2 33. Nd3 Nxc1 34. Nxc1 Nxa3 35. Ke3 b5 36. Ke4 c4 37. Na2 a5 38. Ke3 b4 0-1